Artisti italiani per album e canzone HARD - Statistics

Statistiche generali
  • Questo quiz è stato fatto 110 volte
  • Il punteggio medio è 6 su 20
Statistiche sulle risposte
Album Canzone dell'album Risposta % Corretto
Maximilian Ti sembra normale Max Gazze
78%
Dall'altra parte del cancello Ti regalerò una rosa Simone Cristicchi
61%
La voce del padrone Bandiera Bianca Franco Battiato
56%
Via Paolo Fabbri 43 L'avvelenata Francesco Guccini
52%
___ ___ super hits Dragon Ball gt Giorgio Vanni
42%
Amen Charlie fa surf Baustelle
38%
Concerti Via con me Paolo Conte
35%
Acidoacida Acida Prozac+
34%
Curre curre guagliò Rigurgito antifascista 99 posse
32%
Storia di un minuto Impressioni di settembre Premiata Forneria Marconi
30%
Tenebra è la notte e altri racconti di buio e crepuscolo Wordsworth Murubutu
25%
Metallo non metallo Fuori dal tempo Bluvertigo
22%
Riportando tutto a casa In un giorno di pioggia Modena City Ramblers
17%
Infernum Paolo e Francesca Claver Gold
16%
Lungolinea. Branchie Frah Quintale
15%
Outside the loop stupendo sensation Zeta reticoli Meganoidi
12%
Crac! Gioia e rivoluzione Area
11%
Anima e ghiaccio Più forte delle bome Colle der fomento
9%
The best spaghetti ska Spaghetti ska Vallanzaska
4%
Dark Adrenaline Trip the darkness Lacuna Coil
3%
Nessun quiz corrispondente trovato
Distribuzione punteggi
Percentuale di utenti per punteggio
Percentile per numero di risposta
I tuoi punteggi nel tempo
Non hai fatto questo quiz